[Event "2. Bundesliga West 2010/11"]
[Site "Hohenems"]
[Date "2011.01.29"]
[Round "7"]
[Board "2"]
[White "Eybl, Alexander"]
[Black "Hecht, Hans-Joachim"]
[Result "0-1"]
[WhiteElo "2278"]
[BlackElo "2374"]
[PlyCount "58"]
[EventDate "2010.10.15"]
[EventType "team"]
[EventRounds "11"]
[EventCountry "AUT"]
[WhiteTeam "Rochade Rum"]
[BlackTeam "Schwarzach"]

1.Nf3 Nf6 2.g3 b5 3.Bg2 Bb7 4.O-O e6 5.d3 d6 6.c4 bxc4 7.dxc4 Be7 8.Nc3 O-O
9.Qc2 c5 10.Rd1 Qb6 11.b3 Rd8 12.Bb2 Nbd7 13.Rac1 Rac8 14.Qb1 Bc6 15.e4 Qb7
16.Nd5 Bf8 17.Bxf6 Nxf6 18.Nxf6+ gxf6 19.Nh4 Be7 20.Rc3 Kh8 21.Qc2 Rg8 22.Qe2 f5
23.exf5 Bxh4 24.Bxc6 Qxc6 25.fxe6 fxe6 26.Qxe6 Rce8 27.Qh6 Bg5 28.Qh5 Bf6 29.Re3
Rg5 0-1

[Event "2. Bundesliga West 2010/11"]
[Site "Hohenems"]
[Date "2011.01.29"]
[Round "7"]
[Board "3"]
[White "Ljubic, Juro"]
[Black "Hengl, Christian"]
[Result "1/2-1/2"]
[WhiteElo "2186"]
[BlackElo "2193"]
[PlyCount "49"]
[EventDate "2010.10.15"]
[EventType "team"]
[EventRounds "11"]
[EventCountry "AUT"]
[WhiteTeam "Schwarzach"]
[BlackTeam "Rochade Rum"]

1.e4 e6 2.d3 d5 3.Qe2 Nf6 4.Nf3 c5 5.g3 b6 6.Nc3 Bb7 7.e5 d4 8.Nd1 Nd5 9.Bg2 Be7
10.O-O Nc6 11.Nd2 h5 12.h4 Qd7 13.f4 O-O-O 14.Nf3 Kb8 15.Nf2 f6 16.Re1 f5 17.Nh3
Rc8 18.Bd2 Ncb4 19.Rec1 Rhd8 20.a3 Nc6 21.Nhg5 Rh8 22.Nf7 Rhf8 23.N7g5 Rh8
24.Nf7 Rhf8 25.N7g5 1/2-1/2

[Event "2. Bundesliga West 2010/11"]
[Site "Hohenems"]
[Date "2011.01.29"]
[Round "7"]
[Board "4"]
[White "Jedinger, Andreas"]
[Black "Stoeckl, Norbert"]
[Result "1/2-1/2"]
[WhiteElo "2177"]
[BlackElo "2053"]
[PlyCount "120"]
[EventDate "2010.10.15"]
[EventType "team"]
[EventRounds "11"]
[EventCountry "AUT"]
[WhiteTeam "Rochade Rum"]
[BlackTeam "Schwarzach"]

1.e4 c5 2.Nf3 e6 3.d4 cxd4 4.Nxd4 a6 5.Nc3 Qc7 6.Be3 Nf6 7.Qd2 Bb4 8.f3 d5 9.Nb3
dxe4 10.fxe4 Nxe4 11.Qd4 Nxc3 12.Qxb4 Nd5 13.Qc5 Qxc5 14.Bxc5 Nd7 15.Bd6 Ne3
16.Kd2 Nf5 17.Bb4 b6 18.Bd3 Ne7 19.Be4 Ra7 20.c4 f5 21.Bf3 Ne5 22.Be2 O-O
23.Rhd1 Rd8+ 24.Ke1 Rxd1+ 25.Rxd1 N7c6 26.Bc3 Rd7 27.Nd4 Kf7 28.b4 Nxd4 29.Bxd4
Nc6 30.Bxb6 Rxd1+ 31.Kxd1 Nxb4 32.Bf3 Nd3 33.Kd2 Ne5 34.Be2 g5 35.Kc3 Ke7 36.Kb4
Kd6 37.Bc5+ Kc7 38.Bf2 Bb7 39.Bf1 Nc6+ 40.Kc5 Ne5 41.Be1 Nd7+ 42.Kb4 e5 43.g3 f4
44.Bh3 Nb8 45.Kc5 Bf3 46.Ba5+ Kb7 47.Bf5 h5 48.gxf4 exf4 49.Bd8 g4 50.Bh4 Nc6
51.Bg6 Ne5 52.Bxh5 g3 53.Bxf3+ Nxf3 54.hxg3 Nxh4 55.gxf4 Nf5 56.Kd5 Kc7 57.Ke5
Ne3 58.Kd4 Ng4 59.Kc5 Nf6 60.Kb4 Kb6 1/2-1/2

[Event "2. Bundesliga West 2010/11"]
[Site "Hohenems"]
[Date "2011.01.29"]
[Round "7"]
[Board "5"]
[White "Klinger, Josef Sen."]
[Black "Gatterer, Matthias"]
[Result "1-0"]
[WhiteElo "1998"]
[BlackElo "2072"]
[PlyCount "71"]
[EventDate "2010.10.15"]
[EventType "team"]
[EventRounds "11"]
[EventCountry "AUT"]
[WhiteTeam "Schwarzach"]
[BlackTeam "Rochade Rum"]

1.e4 e6 2.d4 d5 3.e5 c5 4.c3 Qb6 5.f4 Nc6 6.Nf3 Nh6 7.dxc5 Bxc5 8.Bd3 Bf2+ 9.Kf1
Bc5 10.Qe2 O-O 11.b4 Be7 12.g3 f6 13.Kg2 fxe5 14.fxe5 Nf5 15.h4 Qd8 16.b5 Na5
17.Na3 b6 18.Nc2 Bd7 19.Bg5 Rc8 20.Bxe7 Qxe7 21.g4 Nh6 22.Ng5 g6 23.Nd4 Rf4
24.Qd2 Rcf8 25.Be2 Nxg4 26.Nh3 Re4 27.Bf3 Rxf3 28.Nxf3 Nxe5 29.Nhg5 Nxf3 30.Nxf3
Bxb5 31.Rae1 Rxe1 32.Rxe1 Qf6 33.Ng5 Bd7 34.Qe3 Kg7 35.Rf1 Nc4 36.Qh3 1-0

[Event "2. Bundesliga West 2010/11"]
[Site "Hohenems"]
[Date "2011.01.29"]
[Round "7"]
[Board "6"]
[White "Steger, Gerhard"]
[Black "Huber, Josef"]
[Result "1/2-1/2"]
[WhiteElo "2011"]
[BlackElo "1847"]
[PlyCount "60"]
[EventDate "2010.10.15"]
[EventType "team"]
[EventRounds "11"]
[EventCountry "AUT"]
[WhiteTeam "Rochade Rum"]
[BlackTeam "Schwarzach"]

1.e4 Nc6 2.Nc3 d6 3.d4 e5 4.Nf3 Bg4 5.Bb5 a6 6.Bxc6+ bxc6 7.dxe5 Bxf3 8.Qxf3
dxe5 9.Qg3 Qf6 10.Bg5 Qe6 11.O-O-O Bd6 12.f4 f6 13.fxe5 Qxe5 14.Bf4 Qxf4+
15.Qxf4 Bxf4+ 16.Kb1 Ne7 17.Na4 Bd6 18.c4 Ng6 19.h4 Ke7 20.h5 Nf4 21.h6 g6 22.e5
Bxe5 23.Nc5 Rhd8 24.g4 a5 25.g5 f5 26.Rde1 Kd6 27.Nb7+ Ke6 28.Nc5+ Kd6 29.Nb7+
Ke6 30.Nc5+ Kd6 1/2-1/2

[Event "2. Bundesliga West 2010/11"]
[Site "Hohenems"]
[Date "2011.01.29"]
[Round "7"]
[Board "1"]
[White "Dovzik, Juri"]
[Black "Dizdar, Goran"]
[Result "0-1"]
[WhiteElo "2381"]
[BlackElo "2555"]
[PlyCount "92"]
[EventDate "2010.10.15"]
[EventType "team"]
[EventRounds "11"]
[EventCountry "AUT"]
[WhiteTeam "ATSV Ranshofen"]
[BlackTeam "SC Absam"]

1.d4 e6 2.Nf3 Nf6 3.c4 Bb4+ 4.Bd2 Qe7 5.g3 b6 6.Bg2 Bb7 7.O-O Bxd2 8.Qxd2 O-O
9.Nc3 d5 10.Ne5 Na6 11.e3 Rfd8 12.Qe2 c5 13.cxd5 exd5 14.Rfe1 Nc7 15.Rad1 Ne6
16.Nd3 c4 17.Ne5 Rac8 18.f4 a6 19.g4 b5 20.g5 Ne8 21.a3 N6c7 22.h4 f6 23.Ng4 Nd6
24.Qc2 Kh8 25.Rd2 Bc6 26.Bf3 Bd7 27.Rg2 Bf5 28.Qd1 Bxg4 29.Bxg4 f5 30.Bf3 Ne4
31.Bxe4 dxe4 32.h5 Rd6 33.Ne2 Nd5 34.Ng3 Qd7 35.Rc2 a5 36.Qe2 Rdc6 37.Rec1 R6c7
38.Kf2 Kg8 39.h6 g6 40.Nf1 Qd6 41.Nd2 c3 42.bxc3 Rxc3 43.Nb1 Nxf4 44.exf4 Qxf4+
45.Ke1 Qg3+ 46.Kd1 Qg1+ 0-1

[Event "2. Bundesliga West 2010/11"]
[Site "Hohenems"]
[Date "2011.01.29"]
[Round "7"]
[Board "2"]
[White "Schmittdiel, Eckhard"]
[Black "Ager, Josef"]
[Result "1-0"]
[WhiteElo "2485"]
[BlackElo "2213"]
[PlyCount "53"]
[EventDate "2010.10.15"]
[EventType "team"]
[EventRounds "11"]
[EventCountry "AUT"]
[WhiteTeam "SC Absam"]
[BlackTeam "ATSV Ranshofen"]

1.e4 e5 2.Nf3 Nc6 3.d4 exd4 4.Nxd4 Nf6 5.Nxc6 bxc6 6.e5 Qe7 7.Qe2 Nd5 8.c4 Nb6
9.b3 Qe6 10.Nd2 a5 11.a3 g6 12.Bb2 Bg7 13.O-O-O O-O 14.f4 Re8 15.Qd3 d5 16.Qc2
c5 17.cxd5 Nxd5 18.Bc4 a4 19.Ne4 axb3 20.Qxb3 c6 21.Nd6 Rd8 22.Rxd5 cxd5 23.Bxd5
c4 24.Qf3 Bb7 25.Bxb7 c3 26.Bxa8 cxb2+ 27.Kxb2 1-0

[Event "2. Bundesliga West 2010/11"]
[Site "Hohenems"]
[Date "2011.01.29"]
[Round "7"]
[Board "3"]
[White "Scharrer, Patrick"]
[Black "De, Francesco Klaus"]
[Result "1-0"]
[WhiteElo "2253"]
[BlackElo "2290"]
[PlyCount "115"]
[EventDate "2010.10.15"]
[EventType "team"]
[EventRounds "11"]
[EventCountry "AUT"]
[WhiteTeam "ATSV Ranshofen"]
[BlackTeam "SC Absam"]

1.e4 e6 2.d3 d5 3.Qe2 Ne7 4.Nf3 c5 5.g3 Nbc6 6.Bg2 g6 7.O-O Bg7 8.c3 O-O 9.e5
Qc7 10.Re1 b6 11.h4 Ba6 12.Bg5 Kh8 13.Nbd2 Ng8 14.Bf4 Rae8 15.Nf1 Qd7 16.Bh3 b5
17.d4 cxd4 18.cxd4 Qb7 19.Qd2 b4 20.b3 Rc8 21.Rac1 Bb5 22.Rc5 a5 23.Rec1 Rfe8
24.Ng5 Rc7 25.Nh2 h6 26.Ng4 hxg5 27.hxg5 Rec8 28.Nf6 Qb6 29.Kg2 Bf8 30.Rh1 Nh6
31.Bg4 Ne7 32.Rxc7 Qxc7 33.gxh6 Qc3 34.Rc1 Qxc1 35.Qxc1 Rxc1 36.Bxc1 Ng8 37.Nxg8
Kxg8 38.Bg5 Bd3 39.Bd8 Kh7 40.Bxa5 Kxh6 41.Bd8 g5 42.Bd1 Kg6 43.Kf3 Bb1 44.Ke3
g4 45.Bxg4 Bxa2 46.Bd1 Bb1 47.g4 Kh7 48.Be2 Bh6+ 49.g5 Bf8 50.Bd3+ Bxd3 51.Kxd3
Kg6 52.Ke3 Kh5 53.f4 Kg6 54.Kf3 Kf5 55.Bb6 Kg6 56.Kg4 Kh7 57.f5 Kg8 58.Bd8 1-0

[Event "2. Bundesliga West 2010/11"]
[Site "Hohenems"]
[Date "2011.01.29"]
[Round "7"]
[Board "5"]
[White "Riediger, Martin"]
[Black "Natter, Siegfried"]
[Result "1-0"]
[WhiteElo "2252"]
[BlackElo "2245"]
[PlyCount "73"]
[EventDate "2010.10.15"]
[EventType "team"]
[EventRounds "11"]
[EventCountry "AUT"]
[WhiteTeam "ATSV Ranshofen"]
[BlackTeam "SC Absam"]

1.c4 e5 2.g3 c6 3.d4 e4 4.Nc3 d5 5.Nh3 dxc4 6.Nxe4 Nf6 7.Nxf6+ Qxf6 8.Ng5 Na6
9.a3 Nc7 10.Bg2 h6 11.Nf3 Be6 12.O-O Be7 13.Qc2 O-O 14.e3 Nd5 15.Ne5 Nb6 16.f4
Bf5 17.e4 Bh7 18.Be3 Rac8 19.Nxc4 Nd5 20.Bf2 c5 21.Qb3 b5 22.Ne5 Nb6 23.Qxb5
cxd4 24.Bxd4 Rfd8 25.Be3 Rc2 26.Rf2 Rdc8 27.Rxc2 Rxc2 28.Rc1 Rxc1+ 29.Bxc1 g5
30.Nc6 gxf4 31.gxf4 Bf8 32.f5 Qh4 33.Bd2 Bd6 34.e5 Bf8 35.f6 Nc4 36.Bb4 Bxb4
37.Qb8+ 1-0

[Event "2. Bundesliga West 2010/11"]
[Site "Hohenems"]
[Date "2011.01.29"]
[Round "7"]
[Board "6"]
[White "Gerhold, Michael"]
[Black "Hackbarth, Wolfgang"]
[Result "1/2-1/2"]
[WhiteElo "2237"]
[BlackElo "2081"]
[PlyCount "60"]
[EventDate "2010.10.15"]
[EventType "team"]
[EventRounds "11"]
[EventCountry "AUT"]
[WhiteTeam "SC Absam"]
[BlackTeam "ATSV Ranshofen"]

1.Nf3 g6 2.c4 Bg7 3.e4 Nc6 4.d4 d6 5.Be2 Nf6 6.d5 Nb8 7.Nc3 Nbd7 8.Be3 O-O 9.Nd4
Nc5 10.f3 a5 11.O-O Bd7 12.Qd2 Re8 13.Rfd1 c6 14.Rac1 Na6 15.Bf1 c5 16.Nde2 Rf8
17.Ng3 Ne8 18.Bd3 e5 19.dxe6 Bxe6 20.Bf1 Qb6 21.f4 Nac7 22.f5 Bd7 23.Rc2 Bc6
24.Nb5 Bxb5 25.cxb5 Nxb5 26.Bxb5 Qxb5 27.Ne2 Qc6 28.Qd3 Ra6 29.Nf4 Nf6 30.e5
dxe5 1/2-1/2

[Event "2. Bundesliga West 2010/11"]
[Site "Hohenems"]
[Date "2011.01.29"]
[Round "7"]
[Board "1"]
[White "Eisenbeiser, Amadeus"]
[Black "Bayer, Bernhard"]
[Result "1/2-1/2"]
[WhiteElo "2397"]
[BlackElo "2393"]
[PlyCount "80"]
[EventDate "2010.10.15"]
[EventType "team"]
[EventRounds "11"]
[EventCountry "AUT"]
[WhiteTeam "Goetzis"]
[BlackTeam "Schwaz"]

1.d4 e6 2.Nf3 Nf6 3.g3 d5 4.Bg2 Be7 5.O-O O-O 6.b3 c6 7.Nbd2 b5 8.Bb2 Nbd7 9.a4
a5 10.Ne5 Bb7 11.axb5 cxb5 12.c4 Nxe5 13.dxe5 Ne8 14.cxb5 Nc7 15.b6 Nb5 16.e4
Qxb6 17.exd5 exd5 18.Qg4 Bb4 19.e6 Nc3 20.e7 Rfe8 21.Rac1 Qf6 22.Nb1 Qg6 23.Qxg6
Ne2+ 24.Kh1 hxg6 25.Rc7 Rab8 26.Be5 f6 27.Rxb7 Rxb7 28.Bxd5+ Kh7 29.Bxb7 fxe5
30.Rd1 Rxe7 31.Bd5 Kh8 32.Bc4 Nd4 33.f4 Nf5 34.fxe5 Rxe5 35.Rc1 Re3 36.Kg2 Bd6
37.Bd5 Re2+ 38.Kf3 Rb2 39.Kg4 Be5 40.Rc8+ Kh7 1/2-1/2

[Event "2. Bundesliga West 2010/11"]
[Site "Hohenems"]
[Date "2011.01.29"]
[Round "7"]
[Board "2"]
[White "Fuchs, Georg"]
[Black "Schloetzer, Waldemar"]
[Result "1-0"]
[WhiteElo "2292"]
[BlackElo "2282"]
[PlyCount "81"]
[EventDate "2010.10.15"]
[EventType "team"]
[EventRounds "11"]
[EventCountry "AUT"]
[WhiteTeam "Schwaz"]
[BlackTeam "Goetzis"]

1.e4 c6 2.d4 d5 3.Nc3 dxe4 4.Nxe4 Bf5 5.Ng3 Bg6 6.Nf3 Nd7 7.h4 h6 8.Bc4 e6 9.Qe2
Ngf6 10.Ne5 Nxe5 11.dxe5 Nd5 12.h5 Bh7 13.O-O Qb6 14.Bxd5 cxd5 15.Rd1 Rc8 16.c3
a5 17.Rd4 Bc5 18.Rg4 Rg8 19.a3 d4 20.b4 Be7 21.Rxd4 Rxc3 22.Be3 Qc6 23.Rad1 Bc2
24.Rc1 f5 25.Bd2 Rxa3 26.Rc4 Bd3 27.Rxc6 Bxe2 28.Rc8+ Kf7 29.Rxg8 Kxg8 30.Nxe2
Ra2 31.Rd1 axb4 32.Kf1 Kf7 33.Nc1 Ra4 34.Nd3 b3 35.Rb1 Rh4 36.Rxb3 Rxh5 37.Rxb7
Ke8 38.Nf4 Rh1+ 39.Ke2 g5 40.Nxe6 f4 41.Ng7+ 1-0

[Event "2. Bundesliga West 2010/11"]
[Site "Hohenems"]
[Date "2011.01.29"]
[Round "7"]
[Board "3"]
[White "Krassowizkij, Jaroslaw"]
[Black "Blaas, Hansjoerg"]
[Result "1-0"]
[WhiteElo "2244"]
[BlackElo "2240"]
[PlyCount "73"]
[EventDate "2010.10.15"]
[EventType "team"]
[EventRounds "11"]
[EventCountry "AUT"]
[WhiteTeam "Goetzis"]
[BlackTeam "Schwaz"]

1.d4 d5 2.c4 c6 3.Nf3 e6 4.e3 f5 5.Bd3 Nf6 6.O-O Bd6 7.b3 O-O 8.Ba3 Bxa3 9.Nxa3
Bd7 10.b4 Qe7 11.Qb3 a6 12.Nc2 b5 13.c5 Bc8 14.a4 Bb7 15.axb5 cxb5 16.Ne5 Nc6
17.Nxc6 Bxc6 18.Ne1 g5 19.Nf3 Nd7 20.Qc2 Qf6 21.Nd2 e5 22.dxe5 Nxe5 23.Nb3 g4
24.Nd4 Bd7 25.Ne2 Qh4 26.Qc3 Qe7 27.Qd4 Rf7 28.Nf4 Bc6 29.Rfd1 Bb7 30.Nxd5 Bxd5
31.Qxd5 Rd8 32.Qb3 Qf6 33.Bf1 Rxd1 34.Rxd1 f4 35.Rd6 Qf5 36.Qe6 Qe4 37.Bd3 1-0

[Event "2. Bundesliga West 2010/11"]
[Site "Hohenems"]
[Date "2011.01.29"]
[Round "7"]
[Board "4"]
[White "Gruber, Michael"]
[Black "Schmidlechner, Alexander"]
[Result "0-1"]
[WhiteElo "2133"]
[BlackElo "2170"]
[PlyCount "160"]
[EventDate "2010.10.15"]
[EventType "team"]
[EventRounds "11"]
[EventCountry "AUT"]
[WhiteTeam "Schwaz"]
[BlackTeam "Goetzis"]

1.e4 c5 2.Nf3 a6 3.c4 d6 4.d4 cxd4 5.Nxd4 Nf6 6.Nc3 e5 7.Nc2 Be7 8.Be2 O-O 9.O-O
Be6 10.Be3 Nc6 11.f3 Rc8 12.Nd5 Ne8 13.Nb6 Rb8 14.b4 Bg5 15.Bf2 Ne7 16.b5 f5
17.Nb4 fxe4 18.N6d5 exf3 19.Bxf3 axb5 20.cxb5 Qd7 21.a4 Nf6 22.b6 e4 23.Nxe7+
Qxe7 24.Be2 e3 25.Bg3 Ne4 26.Nd5 Rxf1+ 27.Bxf1 Qf7 28.Nc7 Nxg3 29.hxg3 Bb3
30.Qf3 Bf6 31.Rc1 Bd4 32.Be2 Bxb6 33.Nb5 Qxf3 34.gxf3 Bc5 35.Nc3 b6 36.Rb1 Bc2
37.Rc1 Bf5 38.Kf1 Kf8 39.Nd5 Ra8 40.Bb5 Bh3+ 41.Ke2 Bc8 42.Nxe3 Ba6 43.Bxa6 Rxa6
44.Rc4 Ra8 45.Rf4+ Kg8 46.Nd5 Re8+ 47.Kd3 Re5 48.Kc4 h5 49.Rh4 Bf2 50.Rh3 Kf7
51.f4 Re4+ 52.Kb5 g6 53.Nc3 Re3 54.Nd1 Rb3+ 55.Kc4 Rf3 56.Nxf2 Rxf2 57.Kd5 Ra2
58.f5 Rxa4 59.fxg6+ Kxg6 60.Kxd6 Rc4 61.Kd5 b5 62.Ke5 Rg4 63.Rh1 Rxg3 64.Kf4
Rg4+ 65.Kf3 b4 66.Rc1 Kg5 67.Rc5+ Kh4 68.Rb5 Rc4 69.Kg2 Kg4 70.Rb8 h4 71.Rg8+
Kf4 72.Kf2 Rc2+ 73.Ke1 b3 74.Kd1 Rf2 75.Kc1 h3 76.Rf8+ Kg3 77.Rg8+ Kf3 78.Rf8+
Kg2 79.Rg8+ Kf1 80.Rh8 h2 0-1

[Event "2. Bundesliga West 2010/11"]
[Site "Hohenems"]
[Date "2011.01.29"]
[Round "7"]
[Board "5"]
[White "Scheffknecht, Philipp"]
[Black "Kondrak, Christof"]
[Result "0-1"]
[WhiteElo "2118"]
[BlackElo "2147"]
[PlyCount "90"]
[EventDate "2010.10.15"]
[EventType "team"]
[EventRounds "11"]
[EventCountry "AUT"]
[WhiteTeam "Goetzis"]
[BlackTeam "Schwaz"]

1.d4 d5 2.c4 e6 3.Nc3 c6 4.Nf3 dxc4 5.a4 Bb4 6.e3 Bxc3+ 7.bxc3 b5 8.Ne5 Nf6
9.Ba3 Nfd7 10.Qh5 Nxe5 11.Qxe5 f6 12.Qc5 Qd7 13.Be2 Bb7 14.O-O g6 15.Bf3 a6
16.Rfe1 Kf7 17.e4 Rc8 18.Bg4 a5 19.axb5 cxb5 20.d5 Rxc5 21.dxe6+ Qxe6 22.Bxe6+
Kxe6 23.Bxc5 Nd7 24.Bd4 Ne5 25.Reb1 Bc6 26.Bxe5 Kxe5 27.f3 Kd6 28.Rb2 Kc5
29.Rba2 a4 30.Rd1 b4 31.cxb4+ Kxb4 32.Rb1+ Kc5 33.Ra3 Rd8 34.Rb2 Rd3 35.Rxd3
cxd3 36.Kf2 a3 37.Ra2 Kb4 38.Ke3 Kb3 39.Rf2 Bb5 40.f4 a2 41.Rf1 Kc3 42.e5 fxe5
43.fxe5 d2 44.Ra1 Ba4 45.Rxa2 d1=Q 0-1

[Event "2. Bundesliga West 2010/11"]
[Site "Hohenems"]
[Date "2011.01.29"]
[Round "7"]
[Board "6"]
[White "Streiter, Gerhard"]
[Black "Kranz, Armin"]
[Result "1/2-1/2"]
[WhiteElo "2004"]
[BlackElo "2104"]
[PlyCount "179"]
[EventDate "2010.10.15"]
[EventType "team"]
[EventRounds "11"]
[EventCountry "AUT"]
[WhiteTeam "Schwaz"]
[BlackTeam "Goetzis"]

1.e4 e5 2.Bc4 Nf6 3.d3 Bc5 4.Nf3 d6 5.O-O Nc6 6.c3 Bg4 7.Nbd2 a6 8.Bb3 O-O 9.Re1
Ne7 10.Nf1 Ng6 11.h3 Be6 12.Ng3 Bxb3 13.Qxb3 Bb6 14.d4 h6 15.Be3 Nd7 16.Rad1
exd4 17.cxd4 Nh4 18.Nd2 Rb8 19.Nc4 Ba7 20.e5 d5 21.Nd2 c6 22.f4 f5 23.Bf2 Re8
24.Qd3 g6 25.Ngf1 Nf8 26.g3 Ne6 27.gxh4 Nxf4 28.Qg3 g5 29.hxg5 hxg5 30.Nf3 Kf7
31.e6+ Rxe6 32.Rxe6 Nxe6 33.Qe5 Qf6 34.Ne3 Kg6 35.Ng2 Rh8 36.h4 g4 37.Qxe6 Qxe6
38.Nf4+ Kf6 39.Nxe6 Kxe6 40.Ng5+ Kd7 41.Nf7 Rf8 42.Ne5+ Kd6 43.Kg2 Rg8 44.Bg3
Ke7 45.Bf4 Re8 46.Re1 Kd8 47.Nf7+ Kd7 48.Rxe8 Kxe8 49.Nd6+ Kd7 50.Nxf5 Ke6
51.Ne3 Bxd4 52.b3 c5 53.Kg3 b5 54.Kxg4 c4 55.bxc4 dxc4 56.Nc2 Bc3 57.a3 a5
58.Bc7 Kd5 59.Kf5 Kc5 60.h5 Bd2 61.h6 Bxh6 62.Bxa5 Bg7 63.Ke4 Bf6 64.Bc7 Bc3
65.Bd8 Bg7 66.Be7+ Kc6 67.Bg5 Bc3 68.Be3 Kd6 69.Bd4 Bd2 70.Be5+ Kc6 71.Bd4 Kd6
72.Be5+ Kc6 73.Bg7 Kc5 74.Bf8+ Kc6 75.Nd4+ Kb6 76.Bb4 Bh6 77.Nf5 Bg5 78.Kd5 Bf6
79.Ke4 Kc6 80.Ne3 Bg7 81.Nf5 Bf6 82.Ne3 Bg7 83.Nd5 Bb2 84.Ne7+ Kb6 85.Nd5+ Kc6
86.Nf4 Bg7 87.Ne6 Bf6 88.Nf4 Bg7 89.Ne2 Bb2 90.Nf4 1/2-1/2

[Event "2. Bundesliga West 2010/11"]
[Site "Hohenems"]
[Date "2011.01.29"]
[Round "7"]
[Board "1"]
[White "Hommeles, Theo"]
[Black "Deglmann, Ludwig"]
[Result "1/2-1/2"]
[WhiteElo "2426"]
[BlackElo "2402"]
[PlyCount "60"]
[EventDate "2010.10.15"]
[EventType "team"]
[EventRounds "11"]
[EventCountry "AUT"]
[WhiteTeam "Bregenz"]
[BlackTeam "Sparkasse Jenbach 2"]

1.e4 c5 2.Nf3 Nc6 3.d4 cxd4 4.Nxd4 g6 5.c4 Nf6 6.Nc3 Nxd4 7.Qxd4 d6 8.Bg5 Bg7
9.Be2 O-O 10.Qd2 a5 11.O-O a4 12.Rac1 Qa5 13.Rfd1 Be6 14.f3 Rfc8 15.Nb5 Qxd2
16.Rxd2 Bd7 17.Rdc2 Bc6 18.Be3 Nd7 19.Nc3 Kf8 20.Rb1 Nc5 21.Nd5 Bxd5 22.cxd5 Nd7
23.Rxc8+ Rxc8 24.Bb5 Nc5 25.Bxc5 Rxc5 26.Bxa4 Rc4 27.Bb3 Rd4 28.Rc1 Bf6 29.Rd1
Rxd1+ 30.Bxd1 Bxb2 1/2-1/2

[Event "2. Bundesliga West 2010/11"]
[Site "Hohenems"]
[Date "2011.01.29"]
[Round "7"]
[Board "2"]
[White "Reich, Thomas"]
[Black "Weindl, Alfred"]
[Result "1/2-1/2"]
[WhiteElo "2350"]
[BlackElo "2374"]
[PlyCount "58"]
[EventDate "2010.10.15"]
[EventType "team"]
[EventRounds "11"]
[EventCountry "AUT"]
[WhiteTeam "Sparkasse Jenbach 2"]
[BlackTeam "Bregenz"]

1.d4 Nf6 2.Bf4 g6 3.e3 Bg7 4.Nf3 d6 5.Be2 O-O 6.O-O Nfd7 7.h3 e5 8.Bh2 Nc6 9.Nc3
Re8 10.Nd5 exd4 11.exd4 Nf6 12.Nxf6+ Qxf6 13.c3 Bd7 14.Re1 Rad8 15.Qd2 h6 16.h4
Bg4 17.Qf4 Qxf4 18.Bxf4 a6 19.Bd3 Kf8 20.Nh2 Bc8 21.Nf1 Rxe1 22.Rxe1 Re8
23.Rxe8+ Kxe8 24.Ne3 Ne7 25.Be4 f5 26.Bf3 Bf6 27.Bxh6 Bxh4 28.Nd5 Nxd5 29.Bxd5
Ke7 1/2-1/2

[Event "2. Bundesliga West 2010/11"]
[Site "Hohenems"]
[Date "2011.01.29"]
[Round "7"]
[Board "3"]
[White "Dobosz, Henryk"]
[Black "Micheli, Carlo"]
[Result "1-0"]
[WhiteElo "2407"]
[BlackElo "2263"]
[PlyCount "125"]
[EventDate "2010.10.15"]
[EventType "team"]
[EventRounds "11"]
[EventCountry "AUT"]
[WhiteTeam "Bregenz"]
[BlackTeam "Sparkasse Jenbach 2"]

1.d4 d6 2.e4 Nf6 3.Nc3 c6 4.f4 Qa5 5.e5 Ne4 6.Qf3 Nxc3 7.Bd2 Qd5 8.Bxc3 Bf5
9.Qxd5 cxd5 10.O-O-O e6 11.h3 h5 12.g3 Nc6 13.Nf3 Be4 14.Be2 dxe5 15.fxe5 Rc8
16.Rh2 a6 17.Ng5 Bg6 18.Bd3 Be7 19.Nf3 Rh6 20.Rf2 Bxd3 21.Rxd3 Rg6 22.Ng1 b5
23.Ne2 Bg5+ 24.Kd1 h4 25.g4 b4 26.Bd2 Bxd2 27.Kxd2 Rh6 28.Rdf3 Rc7 29.c3 a5
30.Nf4 g6 31.Nd3 bxc3+ 32.bxc3 a4 33.Rf1 Rh8 34.Nc5 Na5 35.Rb1 Ke7 36.Nxa4 Nc4+
37.Ke1 Ra8 38.Rb4 Ra5 39.Rf2 Rca7 40.Nb2 Rxa2 41.Nxc4 Ra1+ 42.Ke2 dxc4 43.Rxc4
Rh1 44.Rf3 g5 45.Rb4 Kf8 46.Kd3 Kg7 47.Rb2 Rc7 48.Rb3 Rg1 49.Ra3 Rh1 50.Ra5 Rd1+
51.Ke2 Rb1 52.Kd2 Rb3 53.Kc2 Rb6 54.Ra4 Rb5 55.c4 Rb8 56.Rb3 Rd8 57.Kd3 Rcd7
58.c5 Rd5 59.Ke4 f6 60.Rb7+ Kg6 61.Rb6 Kf7 62.Ra7+ Kg6 63.Rd6 1-0

[Event "2. Bundesliga West 2010/11"]
[Site "Hohenems"]
[Date "2011.01.29"]
[Round "7"]
[Board "4"]
[White "Hoellrigl, Wilfried"]
[Black "Poettinger, Harald"]
[Result "0-1"]
[WhiteElo "2188"]
[BlackElo "2202"]
[PlyCount "54"]
[EventDate "2010.10.15"]
[EventType "team"]
[EventRounds "11"]
[EventCountry "AUT"]
[WhiteTeam "Sparkasse Jenbach 2"]
[BlackTeam "Bregenz"]

1.e4 d6 2.d4 Nf6 3.Nc3 e5 4.Nf3 Nbd7 5.Bc4 Be7 6.O-O O-O 7.Re1 c6 8.a4 b6 9.Ba2
a6 10.h3 Bb7 11.Qd3 Qc7 12.Bg5 h6 13.Bh4 g6 14.Rad1 Kg7 15.dxe5 dxe5 16.Qc4 Rac8
17.b4 b5 18.Qb3 a5 19.Rxd7 Qxd7 20.Nxe5 Qc7 21.Nxf7 Bxb4 22.e5 Nd5 23.Nxd5 cxd5
24.e6 Bxe1 25.Qe3 Rxf7 26.Bg3 Bxf2+ 27.Bxf2 Rxf2 0-1

[Event "2. Bundesliga West 2010/11"]
[Site "Hohenems"]
[Date "2011.01.29"]
[Round "7"]
[Board "5"]
[White "Bezler, Rainer"]
[Black "Heinrich, Thomas"]
[Result "1/2-1/2"]
[WhiteElo "2269"]
[BlackElo "2137"]
[PlyCount "199"]
[EventDate "2010.10.15"]
[EventType "team"]
[EventRounds "11"]
[EventCountry "AUT"]
[WhiteTeam "Bregenz"]
[BlackTeam "Sparkasse Jenbach 2"]

1.d4 d5 2.c4 e6 3.Nc3 Nf6 4.cxd5 exd5 5.Bg5 Be7 6.Qc2 h6 7.Bxf6 Bxf6 8.e3 O-O
9.Bd3 Re8 10.Nge2 b6 11.O-O-O Bb7 12.Kb1 Nc6 13.Bf5 Ne7 14.Bd3 c5 15.dxc5 bxc5
16.Bb5 Rf8 17.Ne4 Qb6 18.Nxf6+ gxf6 19.Bd3 Rab8 20.Rd2 Bc8 21.Qc3 Qb4 22.Rc1 c4
23.Bc2 Qxc3 24.Nxc3 Be6 25.Bd1 Rfd8 26.Bf3 f5 27.Rcd1 Rb7 28.Kc1 Rbd7 29.b4 cxb3
30.axb3 Kg7 31.Kb2 Rb8 32.Ne2 Nc6 33.Nd4 Nxd4 34.Rxd4 Rbd8 35.Rc1 Rb8 36.g3 Kf6
37.Rc5 Rdb7 38.Bd1 Rb4 39.Rc7 R8b7 40.Rxb7 Rxb7 41.Rh4 Kg7 42.Ra4 Rc7 43.Be2 Rb7
44.Rf4 Rd7 45.Bd3 Rd6 46.b4 Rb6 47.Kc3 Rc6+ 48.Kd4 f6 49.Bb5 Rc7 50.Ba4 Rc8
51.Bb3 Rc7 52.Kd3 Rb7 53.Kc2 Rb5 54.Ba4 Rb7 55.Kc3 Rc7+ 56.Kb2 Rb7 57.Ka3 Rc7
58.Bb3 Rc1 59.Kb2 Rc7 60.Rd4 Rd7 61.Ka3 Rd6 62.Ka4 Bd7+ 63.Ka5 Bc6 64.Bc2 Bb7
65.Bd3 Bc8 66.b5 Rd8 67.Kb4 Kf7 68.Kc5 Ke6 69.Rf4 Ke5 70.Rh4 Rh8 71.Kc6 Rh7
72.Rd4 Bb7+ 73.Kc5 Rc7+ 74.Kb4 Bc8 75.Rh4 Rh7 76.g4 Rh8 77.gxf5 Rh7 78.Kc3 Rc7+
79.Kd2 Rh7 80.f4+ Kd6 81.Rg4 Kc5 82.Rg8 Bd7 83.Rb8 Rg7 84.Rb7 Rg2+ 85.Kc3 Be8
86.Rxa7 Rxh2 87.Ra8 Bd7 88.Rd8 Bxb5 89.Rc8+ Bc6 90.Rf8 Rh3 91.Kd2 Rh2+ 92.Ke1 d4
93.e4 Rh4 94.e5 fxe5 95.fxe5 Be4 96.f6 Bxd3 97.f7 Rf4 98.Rc8+ Kd5 99.f8=Q Rxf8
100.Rxf8 1/2-1/2

[Event "2. Bundesliga West 2010/11"]
[Site "Hohenems"]
[Date "2011.01.29"]
[Round "7"]
[Board "6"]
[White "Schnegg, Anna-Lena"]
[Black "Heilinger, Dietmar"]
[Result "1-0"]
[WhiteElo "1893"]
[BlackElo "2159"]
[PlyCount "79"]
[EventDate "2010.10.15"]
[EventType "team"]
[EventRounds "11"]
[EventCountry "AUT"]
[WhiteTeam "Sparkasse Jenbach 2"]
[BlackTeam "Bregenz"]

1.e4 c5 2.Ne2 e6 3.d4 cxd4 4.Nxd4 a6 5.c4 Qc7 6.Nc3 b6 7.Be2 Bb7 8.O-O Nf6 9.f3
Bd6 10.Kh1 Be7 11.Be3 d6 12.Qd2 Nbd7 13.Rfc1 Rc8 14.Rab1 O-O 15.b4 Qb8 16.Na4
Ba8 17.Qe1 Rfe8 18.Qf2 d5 19.exd5 exd5 20.c5 b5 21.Nb2 Bd8 22.a4 Bc6 23.axb5
axb5 24.Nd3 Ba8 25.Bf4 Bc7 26.Bxc7 Rxc7 27.Ra1 Ra7 28.Rxa7 Qxa7 29.Nxb5 Qa4
30.Nd6 Rb8 31.Qe3 Kf8 32.Bd1 Qa3 33.c6 d4 34.Qxd4 Rxb4 35.Qxb4 Qxd3 36.Ne4+ Kg8
37.Bc2 Qe3 38.Re1 Qb6 39.Nxf6+ gxf6 40.Qg4+ 1-0

[Event "2. Bundesliga West 2010/11"]
[Site "Hohenems"]
[Date "2011.01.29"]
[Round "7"]
[Board "1"]
[White "Novkovic, Milan"]
[Black "Koepke, Christian"]
[Result "1/2-1/2"]
[WhiteElo "2386"]
[BlackElo "2381"]
[PlyCount "73"]
[EventDate "2010.10.15"]
[EventType "team"]
[EventRounds "11"]
[EventCountry "AUT"]
[WhiteTeam "Dornbirn"]
[BlackTeam "Hypo Kufstein"]

1.d4 e6 2.c4 f5 3.Nc3 Nf6 4.e3 b6 5.Bd3 Bb7 6.f3 g6 7.Nge2 Bg7 8.Bd2 O-O 9.b4 d6
10.Nf4 Bc8 11.O-O e5 12.Nfe2 Kh8 13.Rc1 Nh5 14.d5 Nd7 15.Bc2 Ndf6 16.Ba4 Rb8
17.Bc6 g5 18.Nb5 a6 19.Na7 g4 20.Nxc8 gxf3 21.Rxf3 Qxc8 22.Rh3 f4 23.exf4 Qg4
24.fxe5 Ne4 25.Be3 Bxe5 26.Nd4 Nhf6 27.Ne6 Rf7 28.Qxg4 Nxg4 29.Re1 Nxe3 30.Rhxe3
Nd2 31.Ra3 Rg8 32.Kh1 Nxc4 33.Rxa6 Rf2 34.Ra8 Rxa8 35.Bxa8 Rxa2 36.Bc6 Ne3
37.Bb5 1/2-1/2